| 000 | 00548pab a2200193 454500 | ||
|---|---|---|---|
| 008 | 180718b2007 xxu||||| |||| 00| 0 eng d | ||
| 100 | _aKalmijn, Matthijs | ||
| 245 | _aSocial stratification and attitudes: a comparative analysis of the effects of class and education in Europe | ||
| 260 | _c2007 | ||
| 300 | _ap.547-76. | ||
| 362 | _aDec | ||
| 650 | _aEducation - Europe | ||
| 650 | _aAttitudes - Europe | ||
| 650 | _aAttitudes | ||
| 700 | _aKraaykamp, Gerbert | ||
| 773 | _aBritish Journal of Sociology | ||
| 908 | _aN | ||
| 909 | _a79776 | ||
| 999 |
_c79776 _d79776 |
||